000 00358 a2200157 4500
001 68007
020 _a9783126760928
040 _cAnchieta - Pituba
100 _aMotta, Giorgio
240 1 0 _aMagnet neu B1
_lpor
245 1 0 _aMagnet neu B1
300 _a72
362 0 _a2010
650 4 _aLínguas germânicas (teutônicas) língua alemã
942 _cBK
999 _c68007
_d68007